[Event "44th BAN-ch OMICON 2018"]
[Site "Dhaka"]
[Date "2018.11.26"]
[Round "3"]
[White "Md., Sharif Hossain"]
[Black "Reefat, Bin-Sattar"]
[Result "0-1"]
[WhiteElo "2198"]
[BlackElo "2437"]
[Annotator "TA"]
[PlyCount "92"]
[EventDate "2018.11.24"]
[EventType "swiss"]
[EventCountry "BAN"]
[SourceTitle "playchess.com"]
[Source "ChessBase"]
[SourceQuality "1"]

{[%evp 17,92,0,13,3,24,24,20,33,29,-39,-41,-49,-48,-68,-27,-163,-20,-20,-20,-32,0,0,0,-87,-81,-81,-75,-91,-89,-100,-48,-58,-49,-65,-49,-50,-35,-131,-116,-120,-113,-275,-277,-250,-271,-390,-391,-347,-363,-487,-481,-460,-386,-341,-371,-376,-269,-1269,-1256,-1110,-591,-587,-581,-591,-568,-613,-611,-659,-657,-623,-633,-678,-657,-827,-825,-780,-784]} 1. e4 e6 2. d4 d5 3. Nc3 Nf6 4. e5 Nfd7 5. f4 c5 6. Nf3 Nc6 7. Be3 Be7 8. Qd2 O-O 9. a3 {C11: French: Classical System: 4 e5 and 4 Bg5 dxe4} (9. dxc5 Qa5 10. a3 Bxc5 11. O-O-O Rd8 12. Bxc5 Nxc5 13. h4 Bd7 14. h5 h6 15. g4 Be8 16. Qe3 d4 17. Nxd4 Nxd4 18. Rxd4 {½-½ (26) Inarkiev,E (2689)-Volkov,S (2645) St Petersburg 2017}) 9... b6 {LiveBook: 17 Games} 10. Bd3 f6 11. Bb5 {White has an edge.} Bb7 $146 ({Predecessor:} 11... cxd4 12. Bxc6 dxc3 13. Qxc3 Rb8 14. O-O fxe5 15. fxe5 Ba6 16. Bxd7 Qxd7 {0-1 (51) Yasin,H (2092)-Wiedenkeller,M (2454) Acqui Terme 2015}) 12. dxc5 Nxc5 13. b4 ({White should play} 13. O-O-O $11) 13... Ne4 $15 14. Nxe4 dxe4 15. Nd4 Qc8 16. O-O-O (16. Bxc6 $11 {and White stays safe.} Bxc6 17. O-O) 16... Rd8 (16... fxe5 $19 17. fxe5 Nxe5) 17. Qc3 $11 {[%cal Rd4c6]} Nxd4 18. Bxd4 {[%cal Re5f6]} f5 19. Qxc8 Raxc8 20. Bb2 (20. Be3 $11) 20... Bd5 $1 $17 21. Ba6 Rc7 22. Rhe1 g5 23. g3 gxf4 (23... Kf7 $17) 24. gxf4 $15 Kf7 25. Re3 Rg8 {And now ...Rg4 would win.} 26. Rh3 Rg4 $36 {[%mdl 2048] Black fights for an advantage.} 27. Rxh7+ (27. Be2 $1 $15) 27... Kg6 $1 $17 {[%cal Rg6h7]} 28. Rh8 {[#]} Bb3 $1 ({Worse is} 28... Rxf4 29. Rg1+ Rg4 30. Rg8+ Kh6 31. R8xg4 $14) 29. Rc8 $2 (29. Bc3 $17 Rxc3 30. Kb2 Bxc2 31. Rc1 Rb3+ 32. Ka2) 29... Rxc8 $19 30. Bxc8 Bc4 31. Rd7 (31. Rd4 {was necessary.} b5 32. Rd7) 31... e3 {( -> ...Rg1+)} 32. Bc3 Bh4 33. Rd6 Rxf4 34. Bxe6 Kh5 35. Bd7 e2 36. Be8+ Kg4 37. e6 $2 (37. Kb2) 37... Rf1+ {Black is clearly winning.} 38. Kb2 Rd1 39. e7 Bxe7 ({Inferior is} 39... Rxd6 {[#]} 40. Bh5+ $1 {[%mdl 512]} Kxh5 41. e8=Q+ Kg4 42. Qe3 $16) 40. Rg6+ Kf4 41. Rc6 Bd5 42. Rh6 e1=Q 43. Bxe1 Rxe1 44. Bb5 Re6 45. Rh3 Bf6+ 46. Kc1 Re3 {Precision: White = 41%, Black = 63%.} 0-1

[Event "44th BAN-ch OMICON 2018"]
[Site "Dhaka"]
[Date "2018.11.26"]
[Round "3"]
[White "Mohammad, Javed"]
[Black "Saiful Islam, Chowdhury"]
[Result "1/2-1/2"]
[WhiteElo "2135"]
[BlackElo "2110"]
[Annotator "NA"]
[PlyCount "145"]
[EventDate "2018.11.24"]
[EventType "swiss"]
[EventCountry "BAN"]
[SourceTitle "playchess.com"]
[Source "ChessBase"]
[SourceQuality "1"]
[TimeControl "40/5400+30:1800+30"]

1. e4 {[%emt 0:00:00]} e5 {[%emt 0:00:00]} 2. Nf3 {[%emt 0:00:15]} Nc6 {[%emt 0:00:05]} 3. Bb5 {[%emt 0:00:27]} Nf6 {[%emt 0:02:36]} 4. d3 {[%emt 0:01:31]} d6 {[%emt 0:00:38]} 5. O-O {[%emt 0:01:06]} Be7 {[%emt 0:00:14]} 6. c3 {[%emt 0:01:39]} O-O {[%emt 0:00:31]} 7. h3 {[%emt 0:01:16]} Bd7 {[%emt 0:00:52]} 8. Nbd2 {[%emt 0:05:35]} Re8 {[%emt 0:04:23] C65: Ruy Lopez: Berlin Defence (3...Nf6), unusual lines and 4 0-0 Bc5} 9. Re1 {[%emt 0:02:36]} Bf8 {[%emt 0:00:59]} 10. Nf1 {[%emt 0:00:32]} g6 {[%emt 0:03:23]} 11. Ng3 {[%emt 0:05:56]} Bg7 {[%emt 0:00:53]} 12. a4 {[%emt 0:01:26]} h6 $146 {[%emt 0:07:28]} ({Predecessor:} 12... Ne7 13. Bc4 c5 14. Qb3 Rf8 15. Ng5 Be8 16. f4 exf4 17. Bxf4 {1-0 (67) Najer,E (2658)-Inarkiev,E (2660) Moscow 2015}) 13. Bc4 {[%emt 0:22:11]} Na5 {[%emt 0:03:11]} 14. Ba2 {[%emt 0:00:19]} c5 {[%emt 0:00:26]} 15. b4 {[%emt 0:01:26]} cxb4 {[%emt 0:01:45]} 16. cxb4 {[%emt 0:00:03]} Nc6 {[%emt 0:00:16]} 17. b5 {[%emt 0:05:44]} Ne7 {[%emt 0:05:56]} 18. d4 {[%emt 0:05:56]} exd4 {[%emt 0:09:00]} 19. Nxd4 {[%emt 0:00:56]} d5 {[%emt 0:02:27]} 20. e5 {[%emt 0:16:19]} Nh7 {[%emt 0:09:40] [#]} 21. Ba3 {[%emt 0:01:46]} (21. e6 $1 $16 {[%cal Re6d7]} fxe6 22. Rxe6) 21... Bc8 {[%emt 0:13:36]} (21... Nf8 $16 {is a better defense.}) 22. Rc1 {[%emt 0:03:43]} Nf8 {[%emt 0:00:38]} 23. Bd6 {[%emt 0:05:39]} Be6 {[%emt 0:06:51]} 24. Qd2 {[%emt 0:04:05]} Rc8 {[%emt 0:01:54]} 25. f4 {[%emt 0:01:50]} Qd7 {[%emt 0:01:14]} 26. Nde2 {[%emt 0:03:59]} h5 {[%emt 0:05:33]} 27. Nd4 {[%emt 0:02:30]} Bh6 {[%emt 0:01:09]} 28. Qf2 {[%emt 0:00:25]} Rxc1 {[%emt 0:01:20]} 29. Rxc1 {[%emt 0:00:05]} Rc8 {[%emt 0:00:12]} 30. Rxc8 {[%emt 0:00:38]} Nxc8 {[%emt 0:00:36]} 31. f5 {[%emt 0:00:21]} h4 {[%emt 0:09:50]} 32. Bxf8 {[%emt 0:02:15]} hxg3 {[%emt 0:03:02]} 33. Qxg3 {[%emt 0:00:05]} Kxf8 {[%emt 0:00:24]} 34. fxe6 {[%emt 0:00:25]} fxe6 {[%emt 0:00:57]} 35. Kh1 {[%emt 0:00:45]} (35. Bb1 $16 Ne7 36. Kf2) 35... Qf7 {[%emt 0:00:55]} 36. Qa3+ {[%emt 0:01:51]} Ne7 {[%emt 0:00:38]} 37. Nf3 {[%emt 0:00:15]} (37. Kg1 $11) 37... Qf4 {[%emt 0:00:14]} 38. Qc3 $2 {[%emt 0:02:01]} (38. Bb1 $11 {and White has nothing to worry.}) 38... Qxa4 {[%emt 0:00:55]} 39. Qb3 {[%emt 0:00:58]} Qxb3 40. Bxb3 {[%emt 0:00:00]} a6 {[%emt 0:00:00]} 41. bxa6 {[%emt 0:06:16]} bxa6 {[%emt 0:02:23]} 42. Ba4 {[%emt 0:25:55]} Nf5 {[%emt 0:05:33]} 43. g4 {[%emt 0:00:00]} Ne3 {[%emt 0:00:19]} 44. Nd4 {[%emt 0:00:00]} Ke7 {[%emt 0:04:56]} 45. Nc6+ {[%emt 0:00:00]} Ke8 {[%emt 0:05:31]} 46. Nd4+ {[%emt 0:00:00]} Kf7 $17 {[%emt 0:02:18]} 47. Bd7 {[%emt 0:00:00]} a5 {[%emt 0:00:30]} 48. Kg1 {[%emt 0:00:00]} Ke7 {[%emt 0:09:43]} 49. Ba4 {[%emt 0:00:00]} Nc4 {[%emt 0:03:26]} 50. Nc6+ {[%emt 0:00:00]} Kf8 {[%emt 0:00:53]} 51. Nd8 {[%emt 0:00:00]} Be3+ {[%emt 0:01:07]} 52. Kf1 {[%emt 0:00:00]} Nb6 {[%emt 0:01:35]} (52... Nxe5 $17 53. h4 Nxg4) 53. Bc2 {[%emt 0:00:00]} (53. Nxe6+ $15 Ke7 54. Nc7) 53... a4 {[%emt 0:00:34]} 54. Ke2 {[%emt 0:00:00]} a3 {[%emt 0:00:37]} 55. Bb3 {[%emt 0:00:00]} Ke7 {[%emt 0:00:57]} 56. Nc6+ {[%emt 0:00:00]} Kd7 {[%emt 0:00:05]} 57. Nb8+ {[%emt 0:00:00]} Kc8 {[%emt 0:00:26]} 58. Kxe3 {[%emt 0:00:00]} Kxb8 {[%emt 0:00:09]} 59. h4 {[%emt 0:00:00]} Nd7 {[%emt 0:01:44]} 60. Kd4 $1 {[%emt 0:00:00]} Kc7 {[%emt 0:00:24]} 61. h5 {[%emt 0:00:00]} Nf8 {[%emt 0:01:10]} 62. Kc3 {[%emt 0:00:00]} Kd8 {[%emt 0:01:20]} 63. Kb4 {[%emt 0:01:59]} gxh5 {[%emt 0:00:33]} 64. gxh5 {[%emt 0:00:13]} Ke7 {[%emt 0:00:04]} 65. Kxa3 {[%emt 0:00:44]} Nd7 $11 {[%emt 0:00:05]} 66. h6 {[%emt 0:02:38]} Nxe5 {[%emt 0:00:12]} 67. h7 {[%emt 0:00:22]} Nf7 {[%emt 0:00:12]} 68. Kb4 {[%emt 0:00:38]} Kd6 {[%emt 0:00:15]} 69. Kc3 {[%emt 0:00:55]} Ke5 {[%emt 0:00:32]} 70. Kd3 {[%emt 0:00:19]} Nh8 {[%emt 0:00:10]} 71. Ke3 {[%emt 0:00:56]} Ng6 {[%emt 0:00:12]} 72. Bc2 {[%emt 0:00:33]} Nh8 {[%emt 0:00:13]} 73. Bb3 {[%emt 0:00:50] Ke4+ Kxe4*} 1/2-1/2

[Event "44th BAN-ch OMICON 2018"]
[Site "Dhaka"]
[Date "2018.11.26"]
[Round "3"]
[White "S M Sharon"]
[Black "Ahmed, Sk. Nasir"]
[Result "0-1"]
[WhiteElo "2123"]
[BlackElo "2119"]
[Annotator "NA"]
[PlyCount "127"]
[EventDate "2018.11.24"]
[EventType "swiss"]
[EventCountry "BAN"]
[SourceTitle "playchess.com"]
[Source "ChessBase"]
[SourceQuality "1"]
[TimeControl "40/5400+30:1800+30"]

1. e4 {[%emt 0:06:05]} c5 {[%emt 0:00:00]} 2. d3 {[%emt 0:00:11]} d5 {[%emt 0:03:00]} 3. Nd2 {[%emt 0:00:08]} Nc6 {[%emt 0:00:51]} 4. Ngf3 {[%emt 0:02:33]} Bg4 {[%emt 0:04:06]} 5. h3 {[%emt 0:02:09]} Bh5 {[%emt 0:00:17]} 6. exd5 {[%emt 0:01:11]} Qxd5 {[%emt 0:00:28]} 7. g4 {[%emt 0:02:13]} Bg6 {[%emt 0:00:07]} 8. Bg2 {[%emt 0:00:34]} e6 {[%emt 0:03:54]} 9. Nh4 {[%emt 0:03:44]} Qd7 {[%emt 0:05:04]} 10. Nc4 {[%emt 0:21:06]} Be7 {[%emt 0:12:21]} 11. g5 {[%emt 0:04:47]} Bd6 {[%emt 0:04:33]} ({Black should try} 11... Rd8 $11) 12. Bxc6 {[%emt 0:14:02]} Qxc6 {[%emt 0:16:27]} 13. Qf3 {[%emt 0:01:37]} Qxf3 {[%emt 0:10:06]} 14. Nxd6+ {[%emt 0:02:14]} ({Don't play} 14. Nxf3 Bc7 $15) 14... Kd7 {[%emt 0:00:02]} 15. Nxf3 {[%emt 0:00:15]} Kxd6 {[%emt 0:00:06]} 16. Bf4+ {[%emt 0:00:17]} Ke7 {[%emt 0:00:39]} 17. Ne5 {[%emt 0:02:56]} f6 {[%emt 0:05:57]} 18. Nc4 {[%emt 0:10:32]} e5 {[%emt 0:19:48]} 19. Be3 {[%emt 0:02:12]} Rc8 {[%emt 0:02:43]} 20. f4 {[%emt 0:07:49]} b5 {[%emt 0:00:05]} 21. gxf6+ {[%emt 0:01:50]} gxf6 {[%emt 0:00:07]} 22. Nd2 {[%emt 0:00:23]} exf4 {[%emt 0:01:02]} 23. Bxf4 {[%emt 0:00:18]} Kf7 {[%emt 0:00:39]} 24. a4 {[%emt 0:00:28]} b4 {[%emt 0:03:03]} 25. Nc4 {[%emt 0:00:12]} Kg7 {[%emt 0:01:31]} 26. h4 {[%emt 0:05:31]} h5 {[%emt 0:01:14]} 27. O-O-O {[%emt 0:05:35]} Ne7 {[%emt 0:00:02]} 28. b3 {[%emt 0:01:37]} Nd5 {[%emt 0:00:14]} 29. Bd2 {[%emt 0:00:18]} Rc6 {[%emt 0:00:57]} 30. Rhg1 {[%emt 0:00:27]} Kf7 {[%emt 0:00:55]} 31. Rdf1 {[%emt 0:00:15]} Re8 {[%emt 0:00:32]} 32. Rf3 {[%emt 0:00:32]} Re2 {[%emt 0:00:46]} 33. Rg5 {[%emt 0:00:56]} f5 {[%emt 0:02:08]} 34. Kd1 {[%emt 0:01:14]} Rce6 {[%emt 0:00:26]} 35. Rgxf5+ {[%emt 0:00:40]} (35. Nd6+ $16 Ke7 {[#]} 36. Rxg6 $1 {[%mdl 512]} (36. Nxf5+ Bxf5 37. Rfxf5 Nc3+ 38. Bxc3 bxc3 $11) 36... Rxd2+ 37. Kxd2 Rxg6 38. Nxf5+ Ke6 39. d4) 35... Bxf5 {[%emt 0:00:30]} 36. Rxf5+ {[%emt 0:00:01] Double Attack} Nf6 {[%emt 0:00:14]} 37. Nd6+ {[%emt 0:00:47]} Ke7 {[%emt 0:00:42]} 38. Ne4 $2 {[%emt 0:00:37] [#]} (38. Nc4 $11) 38... Nxe4 $1 {[%emt 0:00:31]} 39. dxe4 {[%emt 0:00:28]} R2xe4 {[%emt 0:01:44]} 40. Rxc5 {[%emt 0:00:00]} R6e5 $2 {[%emt 0:00:00]} ({Better is} 40... Rxh4 $19 41. Bg5+ Kd6) 41. Rxe5+ {[%emt 0:19:34]} Rxe5 {[%emt 0:01:25]} 42. Bxb4+ {[%emt 0:01:28]} Ke6 {[%emt 0:00:19]} 43. Bd2 {[%emt 0:01:14]} Kd5 {[%emt 0:00:51]} 44. Bg5 {[%emt 0:00:58]} Ke4 {[%emt 0:00:05]} 45. Kd2 {[%emt 0:02:17]} Rc5 {[%emt 0:00:57]} 46. c4 {[%emt 0:00:26]} Rf5 {[%emt 0:04:27]} 47. Kc3 {[%emt 0:03:27]} a5 {[%emt 0:02:08]} 48. Bd8 {[%emt 0:00:54]} Rf3+ {[%emt 0:00:29]} 49. Kc2 {[%emt 0:00:06]} Rh3 {[%emt 0:00:24]} 50. Bxa5 {[%emt 0:04:04]} Rxh4 {[%emt 0:01:43]} 51. Bc7 {[%emt 0:00:45]} Rg4 {[%emt 0:03:21]} (51... Kd4 $1 $15 52. a5 Rg4 53. Bb6+ Ke5) 52. Kc3 {[%emt 0:00:49]} h4 {[%emt 0:01:43]} 53. a5 {[%emt 0:00:11]} h3 {[%emt 0:00:02]} 54. a6 {[%emt 0:00:22]} Rg6 {[%emt 0:00:08]} 55. a7 {[%emt 0:00:20]} Ra6 {[%emt 0:00:03]} 56. Kb4 {[%emt 0:01:31]} Rxa7 {[%emt 0:00:14]} 57. Bg3 {[%emt 0:00:37]} Ra2 {[%emt 0:05:40]} 58. Kc5 {[%emt 0:00:19]} Rg2 {[%emt 0:00:55]} 59. Bb8 {[%emt 0:00:38]} Rg5+ {[%emt 0:01:19]} 60. Kb6 {[%emt 0:00:35]} Re5 {[%emt 0:00:08]} 61. c5 {[%emt 0:00:35]} h2 {[%emt 0:00:15]} 62. Bxe5 {[%emt 0:00:29]} Kxe5 {[%emt 0:00:03]} 63. b4 {[%emt 0:00:28]} h1=Q {[%emt 0:00:12]} 64. c6 {[%emt 0:00:35]} 0-1

[Event "44th BAN-ch OMICON 2018"]
[Site "Dhaka"]
[Date "2018.11.26"]
[Round "3"]
[White "Hossain, Showkat Pollab"]
[Black "Anata, Choudhury"]
[Result "1-0"]
[WhiteElo "2119"]
[BlackElo "2141"]
[Annotator "NA"]
[PlyCount "77"]
[EventDate "2018.11.24"]
[EventType "swiss"]
[EventCountry "BAN"]
[SourceTitle "playchess.com"]
[Source "ChessBase"]
[SourceQuality "1"]
[TimeControl "40/5400+30:1800+30"]

1. e4 {[%emt 0:14:21]} c5 {[%emt 0:00:00]} 2. Nf3 {[%emt 0:00:10]} d6 {[%emt 0:00:00]} 3. c3 {[%emt 0:00:12]} Nf6 {[%emt 0:00:11]} 4. Bb5+ {[%emt 0:00:16]} Bd7 {[%emt 0:00:24]} 5. Bxd7+ {[%emt 0:00:20]} Qxd7 {[%emt 0:00:12]} 6. d3 {[%emt 0:01:38]} e6 {[%emt 0:02:11] B52: Sicilian: Moscow Variation with 3...Bd7} 7. O-O {[%emt 0:04:58]} Nc6 {[%emt 0:00:22]} 8. h3 {[%emt 0:01:03]} Be7 {[%emt 0:00:30]} 9. Re1 {[%emt 0:03:50]} O-O {[%emt 0:00:39]} 10. Bf4 {[%emt 0:00:47]} Rac8 {[%emt 0:03:37]} (10... Rfd8 11. Nbd2 b5 12. a3 Qb7 13. Qe2 d5 14. e5 Nd7 15. Nf1 a5 16. Ng3 {½-½ (16) Savic,M (2545)-Palac,M (2539) Jahorina 2018}) 11. Nbd2 {[%emt 0:01:42]} Rfd8 {[%emt 0:00:22]} 12. Qe2 {[%emt 0:00:22]} Qe8 $146 {[%emt 0:04:57]} ({Predecessor:} 12... h6 13. Rad1 Qc7 14. g4 Nh7 15. Kg2 b5 16. h4 e5 {1-0 (27) Gurieli,N (2351)-Lakos,N (2335) Batumi 1999}) 13. Nf1 {[%emt 0:03:35]} Nb8 {[%emt 0:17:31]} 14. Ng3 {[%emt 0:03:26]} Qb5 {[%emt 0:11:11]} 15. a4 {[%emt 0:01:15]} Qa6 {[%emt 0:00:13]} 16. b4 {[%emt 0:04:37]} cxb4 {[%emt 0:02:46]} 17. cxb4 {[%emt 0:01:02]} d5 {[%emt 0:00:17]} 18. b5 {[%emt 0:00:43]} Qa5 {[%emt 0:00:32]} 19. e5 {[%emt 0:01:28]} Ne8 {[%emt 0:00:07]} 20. Bg5 {[%emt 0:06:13]} Bxg5 {[%emt 0:03:19]} 21. Nxg5 {[%emt 0:00:13]} h6 {[%emt 0:00:16]} 22. Nf3 {[%emt 0:01:45]} Rc7 {[%emt 0:01:33]} 23. Qe3 {[%emt 0:02:04]} Qb6 {[%emt 0:39:21] [#]} 24. Nd4 $1 {[%emt 0:00:35]} a5 {[%emt 0:00:11]} 25. Kh2 {[%emt 0:02:34]} Nd7 {[%emt 0:06:40]} 26. f4 {[%emt 0:00:13]} Nf8 {[%emt 0:00:11]} 27. f5 {[%emt 0:05:57]} Rc3 {[%emt 0:00:36]} 28. Nge2 {[%emt 0:04:27]} Rc7 {[%emt 0:00:07]} 29. Qf4 {[%emt 0:03:01]} ({Better is} 29. Nf4) 29... exf5 $16 {[%emt 0:04:29]} 30. Nxf5 {[%emt 0:02:43]} Ne6 {[%emt 0:00:41]} 31. Qg3 {[%emt 0:00:21]} Kh7 {[%emt 0:00:12]} 32. Nf4 {[%emt 0:02:31]} d4 {[%emt 0:00:27]} 33. Qf3 {[%emt 0:03:23]} Nxf4 {[%emt 0:01:09]} 34. Qxf4 {[%emt 0:00:10]} Rc3 {[%emt 0:00:19]} 35. Rf1 {[%emt 0:03:49]} Rd7 {[%emt 0:00:42]} 36. Rf3 {[%emt 0:01:04]} Rcc7 {[%emt 0:01:12]} 37. Re1 {[%emt 0:00:53]} Qc5 {[%emt 0:00:14]} 38. Rg3 {[%emt 0:00:40]} Rd5 {[%emt 0:00:31]} 39. Rxg7+ {[%emt 0:00:33]} 1-0

[Event "44th BAN-ch OMICON 2018"]
[Site "Dhaka"]
[Date "2018.11.26"]
[Round "3"]
[White "Ikramul, Haq Siam"]
[Black "Md, Sariatullah"]
[Result "1-0"]
[WhiteElo "2100"]
[BlackElo "2027"]
[Annotator "NA"]
[PlyCount "111"]
[EventDate "2018.11.24"]
[EventType "swiss"]
[EventCountry "BAN"]
[SourceTitle "playchess.com"]
[Source "ChessBase"]
[SourceQuality "1"]
[TimeControl "40/5400+30:1800+30"]

1. g3 {[%emt 1:30:30]} d5 {[%emt 1:30:30]} 2. Bg2 {[%emt 0:00:30]} Nf6 {[%emt 0:00:30]} 3. Nf3 {[%emt 0:00:30]} g6 {[%emt 0:00:30]} 4. b3 {[%emt 0:00:30]} Bg7 {[%emt 0:00:30]} 5. Bb2 {[%emt 0:00:30]} O-O {[%emt 0:00:30]} 6. c4 {[%emt 0:00:30]} c6 {[%emt 0:00:30]} 7. O-O {[%emt 0:00:30]} Nbd7 {[%emt 0:00:30]} 8. d3 {[%emt 0:00:30]} Re8 {[%emt 0:00:30]} 9. Nbd2 {[%emt 0:00:30]} e5 {[%emt 0:00:30]} 10. e4 {[%emt 0:00:30] A11: English Opening: 1...c6} (10. cxd5 cxd5 11. Rc1 b6 12. Qc2 Ba6 13. b4 Bh6 14. Rfd1 Rc8 15. Qa4 Rxc1 16. Bxc1 Qc8 17. Nb3 Bf8 18. Bg5 Bb7 {1-0 (53) Kokarev,D (2624)-Ponkratov,P (2624) Khanty-Mansiysk 2014}) 10... d4 {[%emt 0:00:30]} 11. b4 {[%emt 0:00:30]} c5 {[%emt 0:00:30]} 12. a3 {[%emt 0:00:30]} Nh5 $146 {[%emt 0:00:30]} ({Predecessor:} 12... Rb8 13. Nb3 b6 14. Bc1 Qc7 15. Ne1 Nf8 16. f4 Ng4 17. Nc2 exf4 18. gxf4 {0-1 (44) Husser,O (1858)-Zschorsch,P (1871) Freudenstadt 2006}) 13. Re1 {[%emt 0:00:30]} b6 {[%emt 0:00:30]} 14. Bc1 {[%emt 0:00:30]} Qc7 {[%emt 0:00:30]} 15. Rb1 {[%emt 0:00:30]} Nf8 {[%emt 0:00:30]} 16. Nh4 {[%emt 0:00:30]} Ne6 {[%emt 0:00:30]} 17. Bf3 {[%emt 0:00:30]} Nf6 {[%emt 0:00:30]} 18. Nf1 {[%emt 0:00:30]} Qe7 {[%emt 0:00:30]} 19. Bd2 {[%emt 0:00:30]} Bd7 {[%emt 0:00:30]} 20. Bg2 {[%emt 0:00:30]} Rab8 {[%emt 0:00:30]} 21. b5 {[%emt 0:00:30]} h5 {[%emt 0:00:30]} 22. h3 {[%emt 0:00:30]} (22. f4 $11) 22... Nh7 {[%emt 0:00:30]} 23. Nf3 {[%emt 0:00:30]} Neg5 {[%emt 0:00:30]} 24. Nxg5 {[%emt 0:00:30]} Nxg5 {[%emt 0:00:30]} 25. Kh2 {[%emt 0:00:30]} Ne6 {[%emt 0:00:30]} 26. h4 {[%emt 0:00:30]} Kh7 {[%emt 0:00:30]} 27. Kg1 {[%emt 0:00:30]} Qf8 {[%emt 0:00:30]} 28. Nh2 {[%emt 0:00:30]} Bh6 {[%emt 0:00:30]} 29. Nf3 {[%emt 0:00:30]} f6 {[%emt 0:00:30]} 30. a4 {[%emt 0:00:30]} Nc7 {[%emt 0:00:30]} 31. a5 {[%emt 0:00:30]} Bg4 {[%emt 0:00:30]} 32. Ra1 {[%emt 0:00:30]} Ra8 {[%emt 0:00:30]} 33. Qc1 {[%emt 0:00:30]} Bxf3 {[%emt 0:00:30]} 34. Bxf3 {[%emt 0:00:30]} Bxd2 {[%emt 0:00:30]} 35. Qxd2 {[%emt 0:00:30]} Qe7 {[%emt 0:00:30]} 36. Ra2 {[%emt 0:00:30]} Kg7 {[%emt 0:00:30]} 37. Rea1 {[%emt 0:00:30]} Rh8 {[%emt 0:00:30]} 38. Qd1 {[%emt 0:00:30]} Qf7 {[%emt 0:00:30]} 39. axb6 {[%emt 0:00:30]} axb6 {[%emt 0:00:30]} 40. Ra7 {[%emt 0:00:30]} Qe7 {[%emt 0:00:30]} 41. Kf1 {[%emt 0:30:30]} Rhb8 {[%emt 0:30:30] [#]} ({Better is} 41... Qd6) 42. Bg2 {[%emt 0:00:30]} ({Only move:} 42. g4 $1 $16) 42... Rxa7 {[%emt 0:00:30]} 43. Rxa7 {[%emt 0:00:30]} Ra8 {[%emt 0:00:30]} 44. Rb7 {[%emt 0:00:30]} Qd6 {[%emt 0:00:30]} 45. Bh3 {[%emt 0:00:30]} Ra2 {[%emt 0:00:30]} 46. Kg2 {[%emt 0:00:30]} Ra3 {[%emt 0:00:30]} 47. Be6 {[%emt 0:00:30]} Ra2 {[%emt 0:00:30]} 48. Bd5 {[%emt 0:00:30]} Kh6 {[%emt 0:00:30]} 49. Qb1 {[%emt 0:00:30]} Ra5 {[%emt 0:00:30]} 50. Bc6 {[%emt 0:00:30]} Na8 $18 {[%emt 0:00:30]} (50... Kg7 51. Qh1 (51. Rxb6 Ra7 $18) 51... Qd8) 51. Qd1 {[%emt 0:00:30]} Ra2 {[%emt 0:00:30]} 52. Qf3 {[%emt 0:00:30]} Nc7 {[%emt 0:00:30]} 53. Rxb6 {[%emt 0:00:30]} Nxb5 {[%emt 0:00:30]} 54. cxb5 {[%emt 0:00:30] c4dxc4 [%clk 0:00:00] d3 [%clk 0:00:00] Qe3+ [%clk 0:00:00]} g5 {[%emt 0:00:30]} 55. hxg5+ {[%emt 0:00:30]} Kg6 {[%emt 0:00:30]} 56. Be8+ {[%emt 0:00:30]} 1-0

[Event "44th BAN-ch OMICON 2018"]
[Site "Dhaka"]
[Date "2018.11.26"]
[Round "3"]
[White "Swadhin, Sarkar"]
[Black "Mohammad Minhaz Uddin"]
[Result "0-1"]
[WhiteElo "1875"]
[BlackElo "2290"]
[Annotator "ChessBase"]
[PlyCount "42"]
[EventDate "2018.11.24"]
[EventType "swiss"]
[EventCountry "BAN"]
[SourceTitle "playchess.com"]
[Source "ChessBase"]
[SourceQuality "1"]
[TimeControl "40/5400+30:1800+30"]

1. d4 d5 {[%emt 0:09:14]} 2. Nf3 {[%emt 0:01:36]} Nf6 {[%emt 0:00:06]} 3. e3 {[%emt 0:01:00]} c5 {[%emt 0:03:57]} 4. b3 {[%emt 0:00:36]} Nc6 {[%emt 0:00:51]} 5. Bb2 {[%emt 0:00:09]} cxd4 {[%emt 0:00:20]} 6. exd4 {[%emt 0:00:03]} Bg4 {[%emt 0:00:39]} 7. a3 {[%emt 0:10:46]} e6 {[%emt 0:00:22]} 8. Bd3 {[%emt 0:00:30]} Bd6 {[%emt 0:00:57]} 9. Nbd2 {[%emt 0:00:51]} O-O {[%emt 0:00:53]} 10. O-O {[%emt 0:00:05]} Bh5 {[%emt 0:03:27]} 11. Qe1 {[%emt 0:02:59]} Bg6 {[%emt 0:11:39]} 12. Qe2 {[%emt 0:04:45]} Rc8 {[%emt 0:02:24]} 13. Rfc1 {[%emt 0:13:33]} Nd7 {[%emt 0:03:52]} 14. Bxg6 {[%emt 0:01:30]} hxg6 {[%emt 0:00:03]} 15. Ne5 {[%emt 0:00:34]} Bxe5 {[%emt 0:06:30]} 16. dxe5 {[%emt 0:01:21]} Qc7 {[%emt 0:00:11]} 17. Re1 {[%emt 0:07:11]} Rfd8 {[%emt 0:05:28]} 18. c4 {[%emt 0:05:01]} Nc5 {[%emt 0:04:21]} 19. cxd5 {[%emt 0:04:12]} Rxd5 {[%emt 0:00:05]} 20. Nc4 {[%emt 0:17:05]} Nxb3 {[%emt 0:03:00]} 21. Rad1 {[%emt 0:04:39]} Ncd4 {[%emt 0:00:21]} 0-1

[Event "44th BAN-ch OMICON 2018"]
[Site "Dhaka"]
[Date "2018.11.26"]
[Round "3"]
[White "Swadhin, Sarkar"]
[Black "Mohammad Minhaz Uddin"]
[Result "*"]
[WhiteElo "1875"]
[BlackElo "2290"]
[Annotator "NA RC"]
[PlyCount "17"]
[EventDate "2018.11.24"]
[EventType "swiss"]
[EventCountry "BAN"]
[SourceTitle "playchess.com"]
[Source "ChessBase"]
[SourceQuality "1"]
[TimeControl "40/5400+30:1800+30"]

{[%evp 17,17,-12] d4d5} 1. Nf3 {[%emt 0:01:06]} Nf6 {[%emt 0:08:50]} 2. e3 {[%emt 0:01:00]} c5 {[%emt 0:03:57]} 3. b3 {[%emt 0:00:36]} Nc6 {[%emt 0:00:51]} 4. Bb2 {[%emt 0:00:09] cxd4 [%clk 1:18:02] exd4 [%clk 1:29:36] Bg4 [%clk 1:17:53] a3 [%clk 1:19:20]} e6 {[%emt 0:00:21]} 5. Bd3 {[%emt 0:10:19]} Bd6 {[%emt 0:00:57] Nbd2 [%clk 1:18:59]} 6. O-O {[%emt 0:02:39]} O-O {[%emt 0:00:00] Bh5 [%clk 1:14:14]} 7. Qe1 {[%emt 0:00:46] Bg6 [%clk 1:03:05] Qe2 [%clk 1:12:40] Rc8 [%clk 1:01:11] Rfc1 [%clk 0:59:37]} Ne5 {[%emt 0:20:01]} 8. Bxe5 {[%emt 0:25:09]} Qc7 {[%emt 0:06:28]} 9. c4 $11 {[%emt 0:52:46]} (9. Bxf6 $18 gxf6 10. a4) *